| 000 | 00730nam a2200205 a 4500 | ||
|---|---|---|---|
| 999 |
_c7402 _d7402 |
||
| 003 | OSt | ||
| 005 | 20211117123942.0 | ||
| 008 | 061221s2006 sp o || o000 |bcat| | ||
| 017 | _aDL Gi. 0269-2006 | ||
| 020 | _a8495187876 | ||
| 040 |
_aCDMR _c0 _bcat |
||
| 080 | _a929Fontbernat i Verdaguer, Josep | ||
| 245 | 0 | 0 |
_aJosep Fontbernat i Verdaguer : _b(1896-1977) imatges i documents / _cpròleg de Montserrat Vayreda ; epíleg de Dani Vivern ; il·lustracions de Xavier Thibout |
| 260 |
_aGirona : _bDiputació de Girona, _c2006 |
||
| 300 |
_a215 p. : _bil. ; _c21 cm |
||
| 490 |
_aCol·lecció Josep Pla ; _v17 |
||
| 600 | 0 |
_aFontbernat, Josep _94706 |
|
| 650 | 0 |
_93105 _aRadiodifusió _xBiografies _zCatalunya |
|
| 942 |
_2udc _cMON |
||